000 00571nam a2200193 i 4500
001 124385
003 ES-MaACL
007 t|
008 070322s1931 sp ||||1| spa d
100 1 _aLoukomskii, G. K.
_974321
245 1 4 _aLos rusos /
_cG.K. Loukomski ; traducción de Joaquín Gallardo.
260 _aBarcelona :
_bLabor,
_c[1931]
300 _a110 p., LX p. de lám. ;
_c17 cm.
490 1 _aColección Labor ;
_v51
700 1 _aGallardo, Joaquín
_953483
830 0 0 _aColección Labor
_v51
_9184254
852 _aES-MaACL
_jE-2595
999 _c124385
_d124385